00702cam a22002171i 4500001001300000003000400013005001700017008004100034010001700075035001900092040001900111042001200130050002400142082001000166100003300176245012500209260003100334300004700365700005500412999001700467ca 36000289 DLC20260227111140.0770215s1936 nyu 000 0 eng  aca 36000289  a(OCoLC)2741121 aDLCcMNoWdDLC apremarc00aPS2014.H12bO5 1936 a812.41 aHoward, Bronson,d1842-1908.10aOld love letters :ba play in one act /cby Bronson Howard ; adapted and arranged for production by Garrett H. Leverton. aNew York :bFrench,c1936. a35 p. (1 leaf of plates) :bill. ;c19 cm.1 aLeverton, Garrett H.q(Garrett Hasty),d1896-1949. c18059d18059